Grupos juveniles y formación: investigación evaluativa de una práctica pastoral
Guardat en:
| Format: | Llibre |
|---|---|
| Idioma: | espanyol |
| Publicat: |
Santiago
ISPAJ
1988
|
| Matèries: | |
| Etiquetes: |
Afegir etiqueta
Sense etiquetes, Sigues el primer a etiquetar aquest registre!
|
MARC
| LEADER | 00000nam a2200000 a 4500 | ||
|---|---|---|---|
| 001 | UCW9933 | ||
| 003 | CL-VaPUC | ||
| 008 | 890707e19880000CL |||||||||||||||||spa|d | ||
| 082 | 0 | 4 | |a 259 |b GRU |2 21 |
| 245 | 1 | 0 | |a Grupos juveniles y formación: investigación evaluativa de una práctica pastoral |
| 300 | |a 112 p | ||
| 942 | |c BK | ||
| 945 | |d 19890707 00:00:00 |a aalvarez | ||
| 260 | |a Santiago |b ISPAJ |c 1988 | ||
| 650 | 0 | |a Dinámica de grupos |9 259862 | |
| 650 | 7 | |a COMUNIDADES ECLESIASTICAS DE BASE |2 CL-VaPUC |9 315411 | |
| 583 | |a last modification |c 19890707 00:00:00 |k Rodrigo Vera | ||
| 999 | |c 221769 |d 221767 | ||
| 952 | |0 0 |1 0 |4 0 |6 259_000000000000000_GRU_1988 |7 0 |8 A |9 215632 |a BIBTEO |b BIBTEO |d 2019-11-15 |i 2840170 |o 259 GRU 1988 |p 2840170 |r 2025-01-17 |w 2019-11-15 |y BK |k ICR | ||
| 952 | |0 0 |1 0 |4 0 |6 259_000000000000000_GRU_1988 |7 0 |8 A |9 215633 |a BIBTEO |b BIBTEO |d 2019-11-15 |i 3076261 |o 259 GRU 1988 |p 3076261 |r 2025-01-17 |w 2019-11-15 |y BK |k ICR | ||